[Event "Large Jubilee KO:  MT #2000"]
[Site "SchemingMind.com"]
[Date "2008.01.27"]
[Round "-"]
[White "harmy"]
[Black "smothered mate"]
[Result "1-0"]
[WhiteCountry "USA"]
[BlackCountry "POL"]
[WhiteElo "1969"]
[WhiteRD "101"]
[BlackElo "1947"]
[BlackRD "57"]
[GameID "139042"]

1. d4 Nf6 2. c4 c5 3. d5 Ne4 4. Nf3 Qa5+ 5. Bd2 Nxd2 6. Nfxd2 b5 7. e4 bxc4 8. Bxc4 Ba6 9. O-O g6 10. Qe2 Bxc4
11. Nxc4 Qc7 12. Nc3 a6 13. e5 Bg7 14. d6 Qb7 15. dxe7 Kxe7 16. Qe3 Rc8 17. Nd6
1-0

[Event "Large Jubilee KO:  MT #2000"]
[Site "SchemingMind.com"]
[Date "2008.01.27"]
[Round "-"]
[White "smothered mate"]
[Black "harmy"]
[Result "0-1"]
[WhiteCountry "POL"]
[BlackCountry "USA"]
[WhiteElo "1947"]
[WhiteRD "57"]
[BlackElo "1969"]
[BlackRD "101"]
[GameID "139051"]

1. e4 e5 2. Nf3 Nc6 3. Nc3 Nf6 4. Nxe5 Nxe5 5. d4 Nc6 6. e5 Ng8 7. Bc4 d6 8. Qf3 Be6 9. Bb5 d5 10. Ne2 Ne7
11. Bg5 Qd7 12. O-O-O a6 13. Bxc6 Nxc6 14. c4 Be7 15. Bf4 Bg4 16. Qe3 Bxe2 17. Qxe2 Qf5 18. Qe3 Nb4 19. Rd2 dxc4 20. d5 Nd3+
21. Rxd3 Qxd3 22. Qe1 Qxd5 23. Qc3 O-O
0-1

[Event "Large Jubilee KO:  MT #2000"]
[Site "SchemingMind.com"]
[Date "2008.01.30"]
[Round "-"]
[White "Ilang"]
[Black "erikbrynolfson"]
[Result "1-0"]
[WhiteCountry "HUN"]
[BlackCountry "USA"]
[WhiteElo "2286"]
[WhiteRD "83"]
[BlackElo "1773"]
[BlackRD "69"]
[GameID "139502"]

1. e4 e6 2. d4 d5 3. exd5 exd5 4. Nf3 Nf6 5. Bd3 Bg4 6. O-O c5 7. Re1+ Be7 8. dxc5 O-O 9. h3 Bxf3 10. Qxf3 Bxc5
11. Nc3 Nc6 12. Bg5 Be7 13. Rad1 Re8 14. Bxf6 Bxf6 15. Rxe8+ Qxe8 16. Qf5 Bxc3 17. Qxh7+ Kf8 18. bxc3 Qd8 19. Qh8+ Ke7 20. Qxg7 Qf8
21. Qg5+ Kd6 22. Qf4+ Ne5 23. Qf6+
1-0

[Event "Large Jubilee KO:  MT #2000"]
[Site "SchemingMind.com"]
[Date "2008.02.01"]
[Round "-"]
[White "chesshub"]
[Black "MARISCAL"]
[Result "1-0"]
[WhiteCountry "FRA"]
[BlackCountry "ESP"]
[WhiteElo "2381"]
[WhiteRD "73"]
[BlackElo "2325"]
[BlackRD "89"]
[GameID "139503"]

1. e4 e6 2. d4 d5 3. Nd2 Nf6 4. e5 Nfd7 5. c3 c5 6. Bd3 Nc6 7. Ne2 cxd4 8. cxd4 f6 9. exf6 Nxf6 10. O-O Bd6
11. Nf3 O-O 12. Bf4 Bxf4 13. Nxf4 Ne4 14. Qc1 Qf6 15. Ne2 e5 16. dxe5 Nxe5 17. Bxe4 dxe4 18. Nxe5 Qxe5 19. Nc3 b5 20. Qe3 Bb7
21. f3 b4 22. Nxe4 Qxb2 23. Rfb1 Qe5 24. Qc5 Qxc5+ 25. Nxc5 Bd5 26. Rxb4 Rac8 27. Nd3 Rfd8 28. Nf4 Bc4 29. h4 a5 30. Rb7 Rd4
31. Nh5 Bf7 32. Ng3 Rcd8 33. a3 Rxh4 34. Re1
1-0

[Event "Large Jubilee KO:  MT #2000"]
[Site "SchemingMind.com"]
[Date "2008.01.30"]
[Round "-"]
[White "erikbrynolfson"]
[Black "Ilang"]
[Result "0-1"]
[WhiteCountry "USA"]
[BlackCountry "HUN"]
[WhiteElo "1773"]
[WhiteRD "69"]
[BlackElo "2286"]
[BlackRD "83"]
[GameID "139505"]

1. e4 e5 2. Nf3 Nc6 3. Bb5 a6 4. Ba4 Nf6 5. Nc3 Be7 6. O-O b5 7. Bb3 O-O 8. d4 exd4 9. Nxd4 Nxd4 10. Qxd4 c5
11. Bxf7+ Rxf7 12. Qe3 d5 13. exd5 Nxd5 14. Qg3 Bh4 15. Qe5 Nxc3 16. Qxc3 Bxf2+ 17. Rxf2 Qd1+
0-1

[Event "Large Jubilee KO:  MT #2000"]
[Site "SchemingMind.com"]
[Date "2008.02.01"]
[Round "-"]
[White "MARISCAL"]
[Black "chesshub"]
[Result "1/2-1/2"]
[WhiteCountry "ESP"]
[BlackCountry "FRA"]
[WhiteElo "2276"]
[WhiteRD "89"]
[BlackElo "2427"]
[BlackRD "75"]
[GameID "139506"]

1. e4 c5 2. c3 Nf6 3. e5 Nd5 4. d4 cxd4 5. Nf3 e6 6. Bc4 Nc6 7. cxd4 d6 8. Qe2 Be7 9. O-O O-O 10. Nc3 dxe5
11. dxe5 Nxc3 12. bxc3 Qa5 13. Qe4 Qxc3 14. Bd2 Qa3 15. Bd3 g6 16. Rfb1 f5 17. Qe2 Qa4 18. Bc4 Rd8 19. Re1 a6 20. Bb3 Qb5
21. Qe3 Rd3 22. Qf4 Qb6 23. Bc4 Rd8 24. Be3 Qc7 25. Rac1 Rb8 26. Rc2 a5 27. a4 Bb4 28. Rec1 Qg7 29. Bb6 Rf8 30. h4 Kh8
31. Bb5 Bd7 32. Rd1 Rfc8 33. Re2 Be8 34. Ng5 Qe7 35. h5 gxh5 36. Re3 Bf7 37. Red3 Rg8 38. Bxc6 Qxg5 39. Qxg5 Rxg5 40. Bd8 Rg6
41. Bf6+ Rxf6 42. exf6 h6 43. Rd7 Kg8 44. Bf3 Bc3 45. Rd8+ Rxd8 46. Rxd8+ Kh7 47. Rf8 Bg6 48. g3 b6 49. Be2 Bd4 50. Rb8 Bf7
51. Rb7 Kg6 52. Bxh5+ Kxh5 53. Rxf7 Kg6 54. Rd7 Bc5 55. f7 Kg7 56. Kf1 Kf8 57. Ke2 Be7 58. Rb7 Kxf7 59. Rxb6 Kf6 60. f4 Bd8
61. Ra6 Ke7 62. Ke3 Kd7 63. Kd4 Bf6+ 64. Kc4 Bd8 65. Ra7+ Kd6 66. Rh7 Bb6 67. Rxh6 Bf2 68. Rg6 Ke7 69. Kb5 Kf7 70. Rg5 Be1
71. Kc4 Kf6 72. Kd3 Bb4 73. Ke2 Kf7 74. Rh5 Ke7 75. Rh7+ Kd6 76. Rb7 Bc5 77. Rb5 Bb4 78. Kf3 Bc3 79. g4 fxg4+ 80. Kxg4 Be1
81. Kg5 Bb4 82. Rb6+ Kd5 83. Kf6=
1/2-1/2

[Event "Large Jubilee KO:  MT #2000"]
[Site "SchemingMind.com"]
[Date "2008.02.02"]
[Round "-"]
[White "bruneco br"]
[Black "reptile"]
[Result "0-1"]
[WhiteCountry "BRA"]
[BlackCountry "ISR"]
[WhiteElo "1418"]
[WhiteRD "149"]
[BlackElo "1839"]
[BlackRD "88"]
[GameID "139670"]

1. d4 Nf6 2. Nf3 g6 3. Bg5 Bg7 4. Nc3 O-O 5. e4 d6 6. Bc4 Nc6 7. O-O Bg4 8. d5 Ne5 9. Be2 Nfd7 10. Nxe5= Bxe2
11. Qxe2 Nxe5 12. f4 Nd7 13. Rae1 Qe8 14. Nb5= Qd8 15. c3 a6 16. Nd4= Rc8 17. f5= c5 18. dxc6 bxc6 19. Qxa6= Ne5 20. Bf4= Qc7
21. Nf3 Nxf3+ 22. Rxf3 Rb8 23. Re2 Rb6 24. Qc4 Qb8 25. fxg6 hxg6 26. Rff2 Qb7 27. h3 Rb5 28. Bg3 Qb6 29. Rd2 Bh6 30. Re2 Be3
31. a4 Rxb2 32. Rxb2 Qxb2 33. Qxc6 Rb8 34. a5 Qa1+ 35. Kh2 Bxf2 36. Bxf2 Qxa5 37. c4 Qd2 38. Qc7 Rb2 39. Qc8+ Kg7 40. Kg3 Qxf2+
41. Kg4 Qxg2+
0-1

[Event "Large Jubilee KO:  MT #2000"]
[Site "SchemingMind.com"]
[Date "2008.02.01"]
[Round "-"]
[White "reptile"]
[Black "bruneco br"]
[Result "1-0"]
[WhiteCountry "ISR"]
[BlackCountry "BRA"]
[WhiteElo "1818"]
[WhiteRD "85"]
[BlackElo "1430"]
[BlackRD "150"]
[GameID "139679"]

1. e4 e5 2. f4 Nc6 3. Nf3 d6 4. Bc4 exf4 5. O-O Nf6 6. Nc3 Bg4 7. d4 Bxf3 8. Rxf3 Be7 9. Bxf4 O-O 10. a3 Re8
11. Qd2 Bf8 12. Re1 d5 13. exd5 Rxe1+= 14. Qxe1 Nxd4 15. Rh3 Bc5= 16. Kh1 Nxc2= 17. Qg3 Nd4 18. Bxc7 Qe8= 19. Be5 Qd8 20. Qh4 Nf5
21. Qf4 Nd6 22. Bd3 h6 23. b4 g5 24. Qxf6 Qxf6 25. Bxf6 Re8 26. Rf3 Bb6 27. g4 Re1+ 28. Kg2 Rg1+ 29. Kh3 Rc1 30. Ne4 Bc7
31. Nxd6 Bxd6 32. Re3 Rh1 33. Re8+
1-0

[Event "Large Jubilee KO:  MT #2000"]
[Site "SchemingMind.com"]
[Date "2008.02.05"]
[Round "-"]
[White "Games Freak"]
[Black "dtedesco"]
[Result "0-1"]
[WhiteCountry "AUS"]
[BlackCountry "CAN"]
[WhiteElo "1220"]
[WhiteRD "94"]
[BlackElo "1470"]
[BlackRD "56"]
[GameID "139680"]

1. e3 d5 2. e4 dxe4 3. Qh5 Nf6 4. Qe5 Nc6 5. Qc3 Bf5 6. Qb3 b6 7. d3 Nd4 8. Qc4 b5 9. Qc3 e6 10. Be3 c5
11. a3 Be7 12. f3 exd3 13. cxd3 Rc8 14. b4 O-O 15. Ne2 a6 16. Bxd4 cxd4 17. Qb2 Bxd3 18. g4 Rc2 19. Nxd4 Rxb2 20. Bxd3 Qxd4
21. Be2 Rc8 22. a4 Rc1+ 23. Bd1 Qxd1#
0-1

[Event "Large Jubilee KO:  MT #2000"]
[Site "SchemingMind.com"]
[Date "2008.02.01"]
[Round "-"]
[White "Phony Benoni"]
[Black "z"]
[Result "1-0"]
[WhiteCountry "USA"]
[BlackCountry "IRQ"]
[WhiteElo "1967"]
[WhiteRD "96"]
[BlackElo "1832"]
[BlackRD "55"]
[GameID "139791"]

1. e4 e6 2. d4 d5 3. Nc3 dxe4 4. Nxe4 Bd7 5. Nf3 Bc6 6. Bd3 Nd7 7. O-O Ngf6 8. Ned2 Be7 9. Re1 O-O 10. Nc4 Bxf3
11. Qxf3 c5 12. dxc5 Nxc5 13. Bf1 Qd5 14. Qxd5 Nxd5 15. Ne3 Rfd8 16. Nxd5 Rxd5 17. Be3 Rad8 18. Be2 Bf6 19. Bf3 Bxb2 20. Rab1 Bc3
21. Bxd5 Bxe1 22. Bxc5 Rxd5 23. Bxa7 Bc3 24. Kf1 Rd7 25. Be3 Kf8 26. Ke2 f6 27. Rb3 Ba5 28. Bb6 Bxb6 29. Rxb6 e5 30. a4 Ke7
31. a5 Kd8 32. a6 bxa6 33. Rxa6 Kc7 34. Ra7+ Kc6 35. Rxd7 Kxd7 36. Kd3 f5 37. Kc4 Kc6 38. f3 g5 39. g4 e4 40. fxe4 fxg4
41. Kd4 h5 42. c4 h4 43. Ke3 Kc5 44. e5 Kc6 45. Kf2 Kc5 46. Kg2 Kc6 47. Kf2= Kd7 48. c5 Ke6 49. c6 Ke7 50. Kg2 Ke6
51. Kf2 Ke7 52. Kg2 Ke8 53. e6 Ke7 54. c7
1-0

[Event "Large Jubilee KO:  MT #2000"]
[Site "SchemingMind.com"]
[Date "2008.02.01"]
[Round "-"]
[White "Malfurion"]
[Black "MichaelDV"]
[Result "1-0"]
[WhiteCountry "USA"]
[BlackCountry "SWE"]
[WhiteElo "2249"]
[WhiteRD "69"]
[BlackElo "2318"]
[BlackRD "68"]
[GameID "139792"]

1. d4 Nf6 2. Nf3 d5 3. c4 e6 4. Nc3 c6 5. e3 Nbd7 6. Bd3 dxc4 7. Bxc4 b5 8. Bd3 a6 9. e4 c5 10. e5 cxd4
11. Nxb5 Ng4 12. Qa4 Ngxe5 13. Nxe5 Nxe5 14. Nd6+ Ke7 15. Nxc8+ Rxc8 16. Bxa6 Ra8 17. Qb5 Qb8 18. Qxb8 Rxb8 19. Bf4 Kf6 20. O-O-O Ra8
21. Bxe5+ Kxe5 22. Rhe1+ Kf6 23. Bc4 Bc5 24. Re4 Rhc8 25. Kc2 Kf5 26. Kd3 g5 27. Rf1 h6 28. f4 g4 29. Re5+ Kf6 30. g3 Rab8=
31. b3 Ba3 32. Ke4 Bd6 33. Rh5 Kg6 34. Ra5 Rc5 35. Rxc5 Bxc5 36. a4 Rd8 37. Rd1 Bb4 38. Rxd4 f5+ 39. Kd3 Rxd4+ 40. Kxd4 Kf6
41. Bf1 Bd2 42. Kd3 Ba5 43. Kc4
1-0

[Event "Large Jubilee KO:  MT #2000"]
[Site "SchemingMind.com"]
[Date "2008.02.01"]
[Round "-"]
[White "z"]
[Black "Phony Benoni"]
[Result "0-1"]
[WhiteCountry "IRQ"]
[BlackCountry "USA"]
[WhiteElo "1832"]
[WhiteRD "55"]
[BlackElo "1967"]
[BlackRD "96"]
[GameID "139800"]

1. d4 Nf6 2. c4 c5 3. d5 e6 4. Nc3 exd5 5. cxd5 d6 6. e4 g6 7. Be2 Bg7 8. Nf3 O-O 9. O-O Re8 10. Nd2 Nbd7
11. Qc2 Ne5 12. f4 Neg4 13. Nf3 Nh5 14. h3 Nh6 15. Kh2 f5 16. e5 dxe5 17. fxe5 Ng4+ 18. hxg4 fxg4 19. g3 gxf3 20. Bxf3 Nxg3
21. Kxg3 Bxe5+ 22. Kf2 Qh4+ 23. Ke2 Bxc3+ 24. Be3 Rxe3+ 25. Kxe3 Qd4+ 26. Ke2 Bf5 27. Be4 Re8 28. Rxf5 gxf5 29. Qxc3 Rxe4+ 30. Kf1 Rf4+
31. Ke1 Qe4+ 32. Kd2 Rf2+ 33. Kd1 Qe2+
0-1

[Event "Large Jubilee KO:  MT #2000"]
[Site "SchemingMind.com"]
[Date "2008.02.01"]
[Round "-"]
[White "MichaelDV"]
[Black "Malfurion"]
[Result "1/2-1/2"]
[WhiteCountry "SWE"]
[BlackCountry "USA"]
[WhiteElo "2316"]
[WhiteRD "65"]
[BlackElo "2226"]
[BlackRD "68"]
[GameID "139801"]

1. Nf3 Nf6 2. c4 c5 3. Nc3 e6 4. g3 b6 5. Bg2 Bb7 6. O-O Be7 7. d4 O-O 8. d5 exd5 9. cxd5 d6 10. e4 Nbd7
11. e5 Ne8 12. e6 fxe6 13. dxe6 Ndf6 14. Re1 Nc7 15. Bf4 d5 16. Ng5 Qc8 17. Qc2 h6 18. Nf7 Nxe6 19. Nxh6+ Kh8 20. Bh3 Nd4
21. Bxc8 Nxc2 22. Bxb7 Rae8 23. Nf5 Nxe1 24. Rxe1 Bd8 25. Rxe8 Nxe8 26. Bc6 d4 27. Ne4 Rxf5 28. Bxe8 c4 29. Bd7 Ra5 30. a4 Bf6
31. Bb5 a6 32. Bxc4 Rxa4 33. b3 Ra1+ 34. Kg2 b5 35. Bd5 a5 36. Kf3 a4 37. Nxf6 gxf6 38. bxa4 bxa4 39. Ke2 Rb1 40. Kd3 a3
41. Bd6 Rb5 42. Bc4 Ra5 43. Ba2 Rf5 44. f4 Rb5 45. Bxa3 Ra5 46. Be7 Rxa2 47. Bxf6+ Kh7 48. Bxd4 Rxh2= 49. Ke4 Rg2 50. Kf3 Ra2
51. Kg4 Ra3 52. Kh4 Kg6 53. Bb6 Kf5 54. Bc7 Rc3 55. g4+ Ke4 56. Be5 Rc8 57. Kg5 Rg8+ 58. Kh5 Ra8 59. Kh6 Rg8 60. Kh5 Ra8=
61. Bc7 Rc8 62. Be5= Ra8
1/2-1/2

[Event "Large Jubilee KO:  MT #2000"]
[Site "SchemingMind.com"]
[Date "2008.02.02"]
[Round "-"]
[White "Robert Pallett"]
[Black "Argeon"]
[Result "1-0"]
[WhiteCountry "ENG"]
[BlackCountry "BEL"]
[WhiteElo "2372"]
[WhiteRD "79"]
[BlackElo "1977"]
[BlackRD "82"]
[GameID "139985"]

1. e4 e5 2. Nf3 Nc6 3. Bb5 a6 4. Ba4 d6 5. O-O Bd7 6. c3 g6 7. d4 Bg7 8. Be3 Nf6 9. d5 Ne7 10. Bxd7+ Qxd7
11. Nbd2 Ng4 12. Qe2 Nxe3 13. Qxe3 O-O 14. h3 f5 15. c4 fxe4 16. Nxe4 Nf5 17. Qb3 Nd4 18. Nxd4 exd4 19. Ng5 c5 20. Ne6 Rf6
21. Qb6 a5 22. a4 Ra6 23. Qb3 Rf5 24. Rfe1 Ra8 25. Re4 Kh8 26. Rae1 Bh6 27. Qg3 Bd2 28. Rd1 Bb4 29. Rf4 Rxf4 30. Qxf4 Kg8
31. Rd3 b6 32. Qg5 Rf8 33. Nxf8
1-0

[Event "Large Jubilee KO:  MT #2000"]
[Site "SchemingMind.com"]
[Date "2008.02.07"]
[Round "-"]
[White "rodk"]
[Black "PumpkinFace"]
[Result "0-1"]
[WhiteCountry "USA"]
[BlackCountry "USA"]
[WhiteElo "1644"]
[WhiteRD "89"]
[BlackElo "1755"]
[BlackRD "98"]
[GameID "139986"]

1. e4 e5 2. Nf3 Nc6 3. Bb5 a6 4. Ba4 Nf6 5. O-O b5 6. Bb3 Bc5 7. c3 O-O 8. d4 Be7 9. d5 Na5 10. Bc2 d6
11. b4 Nc4 12. Nbd2 Nxd2 13. Bxd2 Bg4 14. h3 Bh5 15. Bd3 Qd7 16. Re1 c6 17. c4 Qb7 18. Qb3 Bxf3 19. gxf3 h6 20. a4 cxd5
21. cxd5 Nh7 22. f4 exf4 23. Bxf4 Qd7 24. Bf1 Bh4 25. axb5 axb5 26. Ra5 Rab8 27. Qd3 Ng5 28. Bxg5 hxg5 29. Rb1 Qe7 30. Rxb5 Qf6
31. Qe3 Rbc8 32. Re1 Rc3 33. Qd2 Rf3 34. Re2 Rc8 35. Ra5 Qg6 36. Ra2 g4 37. hxg4 Qxg4+ 38. Bg2 Bg5 39. Qb2 Rc1+ 40. Qxc1 Bxc1
41. b5 Rb3
0-1

[Event "Large Jubilee KO:  MT #2000"]
[Site "SchemingMind.com"]
[Date "2008.02.03"]
[Round "-"]
[White "Schaakmaatje"]
[Black "spoke"]
[Result "0-1"]
[WhiteCountry "NED"]
[BlackCountry "GER"]
[WhiteElo "1755"]
[WhiteRD "46"]
[BlackElo "1854"]
[BlackRD "58"]
[GameID "139987"]

1. e4 e5 2. Nf3 Nc6 3. Bc4 Nf6 4. d3 Bc5 5. O-O d6 6. c3 Bg4 7. Bg5 h6 8. Be3 Bxe3 9. fxe3 Qe7 10. Nbd2 O-O-O
11. Qc2 Bxf3 12. Rxf3 d5 13. exd5 Nxd5 14. Raf1 f6 15. Bxd5 Rxd5= 16. e4 Rd7 17. Nb3 Rhd8 18. a4 b6 19. Nd2 a5 20. Rd1 Qc5+
21. Kh1 Nb4
0-1

[Event "Large Jubilee KO:  MT #2000"]
[Site "SchemingMind.com"]
[Date "2008.02.07"]
[Round "-"]
[White "29A"]
[Black "palaciorep"]
[Result "1-0"]
[WhiteCountry "CAN"]
[BlackCountry "ARG"]
[WhiteElo "1815"]
[WhiteRD "71"]
[BlackElo "1632"]
[BlackRD "76"]
[GameID "139989"]

1. e4 e5 2. Nf3 Nc6 3. Bb5 Nge7 4. c3 a6 5. Ba4 b5 6. Bb3 h6 7. d4 exd4 8. cxd4 d6 9. h3 Ng6 10. O-O Be7
11. a3 O-O 12. Qc2 Bb7 13. e5 dxe5 14. Qxg6 exd4 15. Bxh6 Bf6 16. Ng5 Re8 17. Bxf7+ Kf8 18. Nh7+ Ke7 19. Re1+ Kd6 20. Rxe8 Qd7
21. Nxf6 gxf6 22. Qxf6+ Kc5 23. Rxa8 Bxa8 24. Nc3 dxc3 25. Be3+ Nd4 26. b4#
1-0

[Event "Large Jubilee KO:  MT #2000"]
[Site "SchemingMind.com"]
[Date "2008.02.02"]
[Round "-"]
[White "Argeon"]
[Black "Robert Pallett"]
[Result "0-1"]
[WhiteCountry "BEL"]
[BlackCountry "ENG"]
[WhiteElo "1977"]
[WhiteRD "82"]
[BlackElo "2372"]
[BlackRD "79"]
[GameID "140002"]

1. e4 c5 2. Nf3 Nc6 3. d4 cxd4 4. Nxd4 Nf6 5. Nc3 e5 6. Ndb5 d6 7. Bg5 a6 8. Na3 b5 9. Nd5 Be7 10. Bxf6 Bxf6
11. c3 O-O 12. Be2 Bg5 13. Bg4 Ne7 14. Bxc8 Rxc8 15. O-O Nxd5 16. Qxd5 Rc5 17. Qb7 Qc8 18. Qxc8 Rfxc8 19. Rad1 Rd8 20. Rd3 d5
21. exd5 Rcxd5 22. Rxd5 Rxd5 23. c4 Rd2 24. cxb5 axb5 25. Nxb5 Rxb2 26. Nc3 g6 27. Ra1 Be7 28. Nd1 Rd2 29. a4 Bc5 30. Kf1 Bd4
31. Rc1 f5 32. a5 Ra2 33. Rc8+ Kg7
0-1

[Event "Large Jubilee KO:  MT #2000"]
[Site "SchemingMind.com"]
[Date "2008.02.04"]
[Round "-"]
[White "PumpkinFace"]
[Black "rodk"]
[Result "1/2-1/2"]
[WhiteCountry "USA"]
[BlackCountry "USA"]
[WhiteElo "1755"]
[WhiteRD "98"]
[BlackElo "1644"]
[BlackRD "89"]
[GameID "140003"]

1. Nf3 c5 2. e4 d6 3. Bc4 Nf6 4. Nc3 b6 5. d3 Bb7 6. O-O e6 7. Bg5 Be7 8. h3 O-O 9. a3 Nc6 10. Rb1 a6
11. b4 cxb4 12. axb4 b5 13. Ba2 h6 14. Be3 Rc8 15. Qd2 Re8 16. Nd4 Nxd4 17. Bxd4 e5 18. Be3 d5 19. exd5 Nxd5 20. Nxd5 Bxd5
21. Bxd5 Qxd5 22. Rfc1 Red8 23. Qe2 Rc3 24. Qg4 Bf6 25. Bxh6 Qd4 26. Qxd4 exd4 27. Bf4 Rdc8 28. Rb2 Kh7 29. Bd6 R3c6 30. Bc5 Re8
31. Ra2 g6 32. Kf1 Rce6 33. Rca1 Ra8 34. g3 Bg7 35. h4 f5 36. Kg2 Kh6 37. Kf3= Be5 38. Re1 Rae8 39. Rea1 Ra8=
1/2-1/2

[Event "Large Jubilee KO:  MT #2000"]
[Site "SchemingMind.com"]
[Date "2008.02.07"]
[Round "-"]
[White "spoke"]
[Black "Schaakmaatje"]
[Result "1-0"]
[WhiteCountry "GER"]
[BlackCountry "NED"]
[WhiteElo "1854"]
[WhiteRD "58"]
[BlackElo "1755"]
[BlackRD "46"]
[GameID "140004"]

1. d4 Nf6 2. c4 d5 3. Nf3 Bf5 4. Nc3 e6 5. Bg5 Be7 6. Nh4 Bg6 7. e3 Ne4 8. Bxe7 Nxc3 9. Bxd8 Nxd1 10. Nxg6 hxg6
11. Bxc7 Nxb2 12. cxd5 exd5 13. Rb1 Na4 14. Bb5+
1-0

[Event "Large Jubilee KO:  MT #2000"]
[Site "SchemingMind.com"]
[Date "2008.02.07"]
[Round "-"]
[White "palaciorep"]
[Black "29A"]
[Result "0-1"]
[WhiteCountry "ARG"]
[BlackCountry "CAN"]
[WhiteElo "1632"]
[WhiteRD "80"]
[BlackElo "1832"]
[BlackRD "78"]
[GameID "140006"]

1. e4 c5 2. Nf3 e6 3. Nc3 d5 4. Bb5+ Nc6 5. exd5 exd5 6. O-O Nf6 7. Re1+ Be7 8. Ne5 Qc7 9. Nxc6 bxc6 10. Bf1 O-O
11. h3 Be6 12. d4 cxd4 13. Qxd4 Qb6 14. Qd1 Rfe8 15. b3 a5 16. Be3 Qc7 17. Na4 Ne4 18. Bd3 Bb4 19. Rf1 Nc3 20. Nxc3 Bxc3
21. Rb1 Rab8 22. Bd2 Bxd2 23. Qxd2 c5 24. c4 dxc4 25. bxc4 Qd6 26. Rxb8 Rxb8 27. Qc2 g6 28. Rb1 Rd8 29. Be2 Bf5 30. Qc1 Bxb1
31. Qxb1 Qd2 32. Bf3 Re8 33. Kf1 Qb4 34. Qc1 Qa4 35. a3 Rb8 36. Bd5 Rb3 37. g3 Rxa3 38. Qf4 Qe8 39. Qc7 a4 40. Qxc5 Ra1+
41. Kg2 Qe1 42. Kf3 Qh1+ 43. Kg4 h5+ 44. Kh4 Qe1 45. Qc8+ Kg7 46. Qb7 Qxf2 47. Qe7 Qf6+ 48. Qxf6+ Kxf6 49. c5 Rc1 50. c6 a3
51. g4 hxg4 52. hxg4 g5+ 53. Kg3 Rc5 54. c7 Rxc7 55. Kf3 Rc2 56. Ke3 a2 57. Bxa2 Rxa2
0-1

[Event "Large Jubilee KO:  MT #2000"]
[Site "SchemingMind.com"]
[Date "2008.02.03"]
[Round "-"]
[White "mmccaffe"]
[Black "bartleby en passant"]
[Result "1/2-1/2"]
[WhiteCountry "USA"]
[BlackCountry "IRL"]
[WhiteElo "1634"]
[WhiteRD "50"]
[BlackElo "1698"]
[BlackRD "78"]
[GameID "140211"]

1. e4 e5 2. f4 exf4 3. Bc4 d6 4. Nf3 Be7 5. O-O Nf6 6. Nc3 Nc6 7. d4 O-O 8. Bxf4 Bg4 9. e5 dxe5 10. dxe5 Qxd1
11. Raxd1 Bxf3 12. gxf3 Nh5 13. Bg3 Nxg3 14. hxg3 Nxe5 15. Bb3 Rad8 16. Nb5 Rxd1 17. Rxd1 c6 18. f4 Ng4 19. Nc3 b5 20. Rd7 Bc5+
21. Kg2 Bb6 22. Ne4 h6 23. Nd6 Ne3+ 24. Kf3 Nd5 25. Bxd5 cxd5 26. Nxb5 a6 27. Nc7 Bxc7 28. Rxc7 Rb8 29. b3 Rb5 30. Ra7 a5
31. Ke3 Rc5 32. Kd3 g5 33. fxg5 hxg5 34. a4 d4 35. Rd7 Rc3+ 36. Kd2 Rxg3 37. Rxd4 f5 38. Rd5 f4 39. c4 g4 40. c5 Rxb3
41. Rg5+ Kf7 42. Rxg4 Rb4 43. c6 Rc4 44. c7 Rxc7=
1/2-1/2

[Event "Large Jubilee KO:  MT #2000"]
[Site "SchemingMind.com"]
[Date "2008.02.03"]
[Round "-"]
[White "bartleby en passant"]
[Black "mmccaffe"]
[Result "0-1"]
[WhiteCountry "IRL"]
[BlackCountry "USA"]
[WhiteElo "1698"]
[WhiteRD "78"]
[BlackElo "1634"]
[BlackRD "50"]
[GameID "140218"]

1. d4 Nf6 2. c4 g6 3. Nc3 Bg7 4. e4 d6 5. d5 O-O 6. h3 e5 7. Bg5 h6 8. Bxf6 Bxf6 9. Bd3 Bg7 10. b4 c5
11. bxc5 dxc5 12. Nf3 f5 13. exf5 Bxf5 14. Bxf5 gxf5 15. Rc1 e4 16. Nd2 Qg5 17. O-O Rf6 18. Nb3 Nd7 19. Nb5 Rg6 20. g3 f4
21. g4 h5 22. f3 hxg4 23. fxg4 Ne5 24. d6 Nd3 25. Rc2 a6 26. Nc7 Rd8 27. Nc1 Rdxd6 28. Nd5 Bd4+ 29. Kh2 Nxc1 30. Qxc1 Be3
31. Nxe3 fxe3 32. Re2 Rd2 33. Rf5 Rxe2+ 34. Kg3 Qd8 35. Rd5 Qc7+
0-1

[Event "Large Jubilee KO:  MT #2000"]
[Site "SchemingMind.com"]
[Date "2008.02.05"]
[Round "-"]
[White "paddyBosnian"]
[Black "Raimondi"]
[Result "1-0"]
[WhiteCountry "BIH"]
[BlackCountry "PER"]
[WhiteElo "2004"]
[WhiteRD "86"]
[BlackElo "1628"]
[BlackRD "73"]
[GameID "140342"]

1. e4 e5 2. Nf3 Nc6 3. Bb5 a6 4. Bxc6 dxc6 5. d4 exd4 6. Qxd4 Qxd4 7. Nxd4 Nf6 8. O-O Bc5 9. c3 O-O 10. f3 Bd7
11. Be3 Rfe8 12. Nd2 Be6 13. Rad1 Rad8 14. Bf2 Nd7 15. Nxe6 Rxe6 16. Nc4 Bxf2+ 17. Rxf2 b5 18. Na5 Rd6 19. Rxd6 cxd6 20. Nxc6 Rc8
21. Ne7+
1-0

[Event "Large Jubilee KO:  MT #2000"]
[Site "SchemingMind.com"]
[Date "2008.02.04"]
[Round "-"]
[White "Raimondi"]
[Black "paddyBosnian"]
[Result "0-1"]
[WhiteCountry "PER"]
[BlackCountry "BIH"]
[WhiteElo "1628"]
[WhiteRD "73"]
[BlackElo "2004"]
[BlackRD "86"]
[GameID "140348"]

1. e4 e5 2. f4 exf4 3. Nf3 d5 4. exd5 Nf6 5. Bc4 Nxd5 6. O-O Be7 7. d4 Be6 8. Bb3 O-O 9. Bd2 c6 10. Nc3 Ne3
11. Bxe3 Bxb3 12. axb3 fxe3 13. Qd3 Re8 14. Qxe3 Nd7 15. Qf4 Nf6 16. Rae1 Nd5 17. Qg4 Bf6 18. Ne2 Ne3 19. Qf4 Nxc2
0-1

[Event "Large Jubilee KO:  MT #2000"]
[Site "SchemingMind.com"]
[Date "2008.02.25"]
[Round "-"]
[White "harmy"]
[Black "Phony Benoni"]
[Result "0-1"]
[WhiteCountry "USA"]
[BlackCountry "USA"]
[WhiteElo "1878"]
[WhiteRD "98"]
[BlackElo "1930"]
[BlackRD "83"]
[GameID "143361"]

1. d4 Nf6 2. c4 g6 3. Nc3 d5 4. Nf3 Bg7 5. Bf4 O-O 6. e3 c5 7. dxc5 Qa5 8. Rc1 Ne4 9. Qb3 Nd7 10. cxd5 Ndxc5
11. Qb5 Bxc3+ 12. bxc3 Qxa2 13. Be2 Nxc3 14. Qc4 Qxe2+ 15. Qxe2 Nxe2 16. Kxe2 b6 17. Ne5 Bb7 18. Rhd1 f6 19. Nd3 Ba6
0-1

[Event "Large Jubilee KO:  MT #2000"]
[Site "SchemingMind.com"]
[Date "2008.02.25"]
[Round "-"]
[White "Phony Benoni"]
[Black "harmy"]
[Result "1-0"]
[WhiteCountry "USA"]
[BlackCountry "USA"]
[WhiteElo "1930"]
[WhiteRD "83"]
[BlackElo "1878"]
[BlackRD "98"]
[GameID "143364"]

1. e4 e5 2. Nf3 Nc6 3. Bb5 a6 4. Ba4 Nf6 5. O-O Nxe4 6. d4 b5 7. d5 bxa4 8. dxc6 d6 9. Re1 Nc5 10. Be3 Ne6
11. c4 Be7 12. Nc3 O-O 13. c5 Rb8 14. Qxa4 dxc5 15. Rad1 Bd6 16. Qc2 Nd4 17. Bxd4 exd4 18. Ne4 Bg4 19. Nfg5 Bf5 20. Qc4 h6
21. Nf3 Bxe4 22. Rxe4 Rxb2 23. Ne5 Qf6 24. Nf3 Qf5 25. Rde1 Rfb8 26. Qxa6 Bxh2+ 27. Kxh2 Rxf2 28. Qd3 Qh5+ 29. Kg1 f5 30. Rh4
1-0

[Event "Large Jubilee KO:  MT #2000"]
[Site "SchemingMind.com"]
[Date "2008.03.18"]
[Round "-"]
[White "PumpkinFace"]
[Black "Ilang"]
[Result "0-1"]
[WhiteCountry "USA"]
[BlackCountry "HUN"]
[WhiteElo "1755"]
[WhiteRD "98"]
[BlackElo "2293"]
[BlackRD "82"]
[GameID "146576"]

1. e4 e5 2. Nf3 Nc6 3. Bc4 Bc5 4. c3 Nf6 5. d4 exd4 6. cxd4 Bb4+ 7. Nbd2 d5 8. exd5 Nxd5 9. Bxd5 Qxd5 10. O-O O-O
11. Qb3 Be6 12. Qxd5 Bxd5 13. Ne5 Nxd4 14. a3 Bd6 15. Ndc4 Rfe8 16. Nxd6 Rxe5 17. Nxb7 Bxb7 18. Be3 c5 19. Bxd4 cxd4 20. Rac1 d3
21. f3 d2
0-1

[Event "Large Jubilee KO:  MT #2000"]
[Site "SchemingMind.com"]
[Date "2008.03.18"]
[Round "-"]
[White "Ilang"]
[Black "PumpkinFace"]
[Result "1-0"]
[WhiteCountry "HUN"]
[BlackCountry "USA"]
[WhiteElo "2293"]
[WhiteRD "82"]
[BlackElo "1755"]
[BlackRD "98"]
[GameID "146581"]

1. e4 e5 2. Nf3 Nc6 3. Bb5 a6 4. Ba4 Nf6 5. O-O b5 6. Bb3 Bc5 7. c3 Nxe4 8. Qe2 Nxf2 9. d4 Bb6 10. Nxe5 O-O
11. Nxf7 Rxf7 12. Rxf2 d5 13. Bxd5 Ne5 14. Qxe5
1-0